LIBRARY & INFORMATION CENTRE, KCAET, TAVANUR

ONLINE PUBLIC ACCESS CATALOGUE (OPAC)

Soils and Foundations / (Record no. 1419)

MARC details
000 -LEADER
fixed length control field 00413cam a2200169ua 4500
003 - CONTROL NUMBER IDENTIFIER
control field OSt
008 - FIXED-LENGTH DATA ELEMENTS--GENERAL INFORMATION
fixed length control field 250405b |||||||| |||| 00| 0 eng d
041 ## - LANGUAGE CODE
Language code of text/sound track or separate title eng
082 ## - DEWEY DECIMAL CLASSIFICATION NUMBER
Classification number 624.15136
Item number LIU/SO
100 ## - MAIN ENTRY--AUTHOR NAME
Personal name Liu, Chang .
245 ## - TITLE STATEMENT
Title Soils and Foundations /
250 ## - EDITION STATEMENT
Edition statement 1 /
260 ## - PUBLICATION, DISTRIBUTION, ETC. (IMPRINT)
Place of publication New Jersey :
Name of publisher Prentice Hall Inc ,
Year of publication 1981.
300 ## - PHYSICAL DESCRIPTION
Number of Pages 319 ; .
700 1# - ADDED ENTRY--PERSONAL NAME
Personal name Evett, Jac.B .
942 ## - ADDED ENTRY ELEMENTS (KOHA)
Koha item type Books
Holdings
Withdrawn status Lost status Damaged status Home library Current library Date acquired Full call number Accession Number Koha item type
      KAUAET KAUAET 07/04/2012 624.15136 LIU/SO 15888 Books
free website counter